|
|
|
|
| LEADER |
00000nam0a2200000 4500 |
| 001 |
315183 |
| 005 |
20231102002743.0 |
| 020 |
|
|
|a RU
|b 82-55883
|
| 035 |
|
|
|a (RuTPU)RU\TPU\book\340616
|
| 090 |
|
|
|a 315183
|
| 100 |
|
|
|a 20160226d1982 k y0rusy5003 ca
|
| 101 |
0 |
|
|a rus
|
| 102 |
|
|
|a UA
|
| 105 |
|
|
|a a z 001zy
|
| 200 |
1 |
|
|a Биодеструктирующие полимерные материалы
|e сборник научных трудов
|f Академия наук Украинской ССР (АН УССР), Институт химии высокомолекулярных соединений (ИХВС)
|
| 210 |
|
|
|a Киев
|c Наукова думка
|d 1982
|
| 215 |
|
|
|a 88 с.
|c ил.
|
| 606 |
1 |
|
|a Биополимеры
|x Физико-химические свойства
|2 stltpush
|3 (RuTPU)RU\TPU\subj\28738
|9 52238
|
| 610 |
1 |
|
|a деструкции
|
| 610 |
1 |
|
|a деструкционные превращения
|
| 610 |
1 |
|
|a полимерные материалы
|
| 610 |
1 |
|
|a применение
|
| 610 |
1 |
|
|a медицинская техника
|
| 610 |
1 |
|
|a синтетические полимерные материалы
|
| 610 |
1 |
|
|a замещение
|
| 610 |
1 |
|
|a дефекты
|
| 610 |
1 |
|
|a органы
|
| 610 |
1 |
|
|a ткани
|
| 610 |
1 |
|
|a биологическая активность
|
| 610 |
1 |
|
|a эндопротезирование
|
| 610 |
1 |
|
|a заданные свойства
|
| 675 |
|
|
|a 577.11
|z rus
|v 3
|
| 712 |
0 |
2 |
|a Академия наук Украинской ССР (АН УССР)
|b Институт химии высокомолекулярных соединений (ИХВС)
|c (Киев)
|2 stltpush
|3 (RuTPU)RU\TPU\col\1501
|
| 801 |
|
0 |
|a RU
|b RuMRKP
|c 19950704
|g psbo
|
| 801 |
|
1 |
|a RU
|b 63413507
|c 20160226
|
| 801 |
|
2 |
|a RU
|b 63413507
|c 20191119
|g RCR
|
| 942 |
|
|
|c BK
|